000 00419pam a2200157a 44500
008 230405s2009 xxu||||| |||| 00| 0 eng d
020 _a8123914202
_cRs. 180
082 _a618
_bSRI
100 _aSrivastava, Govind
245 _aAIDS: Pathology, Diagnosis Treatment and Prevention
250 _a3rd Ed.
260 _aNew Delhi
_bCBS Pub.
_c2009
300 _a204 p
700 _aSrivastav, Amita
906 _a000160
999 _c248882
_d248882